Click the U.S. State Capitals on a Map - Statistics

General Stats
  • This quiz has been taken 137 times
  • The average score is 24 of 50
Answers on the Map
Answers color-coded by a green-red scale on the quiz's map according to % correct below.
 
Answer Stats
Answer % Correct
Boston
72%
Indianapolis
69%
Nashville
65%
Providence
65%
Oklahoma City
64%
Columbus
63%
Raleigh
63%
Trenton
61%
Hartford
60%
Montpelier
60%
Phoenix
60%
Annapolis
58%
Richmond
58%
Lansing
57%
Des Moines
56%
Little Rock
56%
Dover
54%
Frankfort
54%
Jackson
54%
Montgomery
54%
Springfield
53%
Baton Rouge
51%
Concord
51%
Harrisburg
51%
Jefferson City
51%
Salt Lake City
51%
Atlanta
50%
Columbia
50%
Albany
49%
Augusta
49%
Tallahassee
49%
Denver
46%
Sacramento
43%
Santa Fe
43%
Olympia
42%
Pierre
42%
Charleston
40%
Madison
40%
Salem
39%
Austin
38%
Carson City
38%
Bismarck
36%
Honolulu
36%
Boise
33%
Juneau
33%
Saint Paul
32%
Helena
31%
Lincoln
29%
Cheyenne
24%
Topeka
24%
No matching quizzes found
Score Distribution
Percent of People with Each Score
Percentile by Number Answered
Your Score History
You have not taken this quiz